| 000 | 01568aam a2200325 i 4500 | ||
|---|---|---|---|
| 001 | 768714001 | ||
| 003 | CO-MdFUSB | ||
| 005 | 20240618062712.0 | ||
| 007 | ta | ||
| 008 | 160825t1994 -usao||| |||| 00| 0 spa d | ||
| 020 | _a1560637765 | ||
| 040 |
_cCO-MdFUSB _bspa. _aCO-MdFUSB _dCO-MdFUSBC _erda |
||
| 041 |
_aspa _heng |
||
| 082 | 0 | 4 |
_a266.09 _223 _bB4931m |
| 100 | 1 |
_aBerg, Miguel _eautor |
|
| 240 | _aThe gospel people of Latin America | ||
| 245 | 1 | 0 |
_aMensajeros de esperanza : _bLos evangélicos _c/ Miguel Berg, Pablo Pretiz ; traductor Raquel de la Calle, |
| 264 | 1 |
_aMiami, FL., USA : _bUnilit, _c[1994] |
|
| 264 | 4 | _c© 1994 | |
| 300 |
_a177 páginas _c; 21 cm |
||
| 336 |
_atexto _btxt _2rdacontent |
||
| 337 |
_2rdamedia _asin mediación _bn |
||
| 338 |
_2rdacarrier _avolumen _bnc |
||
| 500 | _aTítulo original : The gospel people of Latin America | ||
| 505 | _aBandidos, esclavos y terremotos -- Conquista contradictoria -- El reverso de la gloria -- Protestantes y modernización (Primera Ola) -- Joyas góticas y escaparates humildes (Segunda y Tercera Ola) -- Años de optimismo -- El Llamado a los 40.000 -- Ex -GI's, radio y aviones (Cuarta Ola) -- El desprendimiento de la sociedad -- Ciudades -- caos concentrado -- Grietas en el monolito -- Las Grietas se ensanchan -- No es lo que esperábamos (Quinta Ola) -- La otra cara del éxito -- Calidez de la corriente del golfo -- ¿Es Cristo la respuesta? -- Un Cristo para América Latina. | ||
| 563 | _aRústico | ||
| 650 | 0 |
_aMisiones _9154 |
|
| 942 | _cBK | ||
| 945 | _aJTF-925 | ||
| 999 |
_c37855 _d37855 |
||